ARRUPE JESUIT UNIVERSITY

CORONAVIRUS -STOP THE SPREAD - CLEAN,DISINFECT,COVER

Sweden at the UN (Record no. 124558)

MARC details
000 -LEADER
fixed length control field 00442nam a22001457a 4500
005 - DATE AND TIME OF LATEST TRANSACTION
control field 20160411121810.0
008 - FIXED-LENGTH DATA ELEMENTS--GENERAL INFORMATION
fixed length control field 160411b xxu||||| |||| 00| 0 eng d
050 ## - LIBRARY OF CONGRESS CALL NUMBER
Classification number DL877.F852
100 ## - MAIN ENTRY--PERSONAL NAME
Personal name Fredriksson, Gunnar
9 (RLIN) 23660
245 ## - TITLE STATEMENT
Title Sweden at the UN
Statement of responsibility, etc by Fredriksson, Gunnar
260 ## - PUBLICATION, DISTRIBUTION, ETC. (IMPRINT)
Place of publication, distribution, etc Stockholm
Name of publisher, distributor, etc Svenska Institutet
Date of publication, distribution, etc 1996
300 ## - PHYSICAL DESCRIPTION
Extent 63p.;
Dimensions 21cm.
650 ## - SUBJECT ADDED ENTRY--TOPICAL TERM
Topical term or geographic name as entry element Sweden relations with United Nations
9 (RLIN) 23661
942 ## - ADDED ENTRY ELEMENTS (KOHA)
Source of classification or shelving scheme Library of Congress Classification
Item type Monograph ( Printed materials)
Holdings
Withdrawn status Lost status Source of classification or shelving scheme Damaged status Not for loan Collection code Home library Current library Shelving location Date acquired Total Checkouts Full call number Barcode Date last seen Price effective from Koha item type
    Library of Congress Classification     Main Collection ARRUPE LIBRARY ARRUPE LIBRARY Main Collection 11/04/2016   DL877.F852 46500003962 04/12/2017 11/04/2016 Monograph ( Printed materials)

 

Arrupe Library. PO Box MP320 Mt Pleasant, Harare, Zimbabwe
263 242 745411|librarian@aju.ac.zw